00477nam a2200181 a 4500001001300000003000900013005001700022008004100039020001000080082001300090100003200103245002600135260003500161300000900196500003500205650002300240700003200263nice12345678IN_TiNIC20260116014451.0070823s2003 cala grp 000 0 eng  ac27500a801bSPI aSpivak, Gayatri Chakravorty aDeath of a Discipline aCalcuttabSeagull Books c2003 a128p aincludes index and biblioraphy aLiterary Criticism1 aSpivak, Gayatri Chakravorty